000 00593nam a2200193 i 4500
001 90484
003 ES-MaACL
005 20230906180445.0
007 t|
008 050120s1964 sp ||||1| cat d
100 1 _aLebret, Louis Joseph.
_971033
245 1 0 _aRejovenir l'examen de consciencia /
_cL.J. Lebret i Th. Suavet ; [traductor, Josep Rierola i Alibes].
250 _a[2ยช ed.].
260 _aBarcelona :
_bEstela,
_c1964.
300 _a200 p. ;
_c13 cm.
700 1 _aSuavet, Thomas.
_9108676
700 1 _aRierola i Alibes, Josep.
_997143
852 _aES-MaACL
_jC-26132
_bR.54743
999 _c90484
_d90484